| 000 | 01735nam a22004217a 4500 | ||
|---|---|---|---|
| 003 | CHAP | ||
| 005 | 20220817042646.0 | ||
| 008 | 971013s1984 r 00010 d | ||
| 010 | _a51354 | ||
| 011 | _a52326 | ||
| 035 | _a56476 | ||
| 040 | _cCHAP | ||
| 082 |
_a574.5 _bR6 |
||
| 100 | 0 | 0 |
_aRojas Canales, María del Carmen. _999286 |
| 245 | _aEcología ; apuntes | ||
| 260 |
_aChapingo, Méx. : _bUACH. Departamento de Bosques, _c1984 |
||
| 300 |
_a185 p. _b; mapas ; gráfs. |
||
| 490 |
_aSerie de Apoyo Académico _v; 4 |
||
| 590 |
_aBATCH-UPD _b10 _c20130110 _lUCH01 _h1804 |
||
| 590 |
_aBATCH-UPD _b10 _c20130410 _lUCH01 _h1139 |
||
| 590 |
_aBATCH-UPD _b10 _c20130914 _lUCH01 _h1228 |
||
| 590 |
_aCONVERSION _b10 _c20130109 _lUCH01 _h1328 |
||
| 650 | 1 | 4 |
_aEcología. _935134 |
| 830 | 0 |
_aSerie de apoyo académico _v; 4 |
|
| 901 | _aBK | ||
| 942 | _cLIBRO | ||
| 949 |
_a574.5 R6 _bBC _cLIBRO _d33724000470522 _eLIBRO _fc.5 _h62627 _i56476 _si |
||
| 949 |
_a574.5 R6 _bBC _cLIBRO _d33724000470548 _eLIBRO _fc.6 _h62679 _i56476 _si |
||
| 949 |
_a574.5 R6 _bBC _cLIBRO _d33724000679387 _eLIBRO _fc.7 _h62680 _i56476 _si |
||
| 949 |
_a574.5 R6 _bBC _cLIBRO _d33724000972303 _eLIBRO _h62289 _i56476 _si |
||
| 949 |
_a574.5 R6 _bBC _cLIBRO _d33724000986774 _eLIBRO _fc.11 _h62678 _i56476 _si |
||
| 949 |
_a574.5 R6 _bBC _cLIBRO _d33724002015603 _eLIBRO _fc.2 _h62290 _i56476 _si |
||
| 949 |
_a574.5 R6 _bBC _cLIBRO _d33724002015644 _eLIBRO _fc.4 _h62221 _i56476 _si |
||
| 949 |
_a574.5 R6 _bBC _cLIBRO _d33724002015686 _eLIBRO _fc.8 _h62676 _i56476 _si |
||
| 949 |
_a574.5 R6 _bBC _cLIBRO _d33724002062462 _eLIBRO _fc.9 _h62674 _i56476 _si |
||
| 949 |
_a574.5 R6 _bBC _cLIBRO _d33724002063983 _eLIBRO _fc.10 _h62675 _i56476 _si |
||
| 949 |
_a574.5 R6 _bBC _cUACH _d-123345 _eUACH _fc.3 _h62291 _i56476 _si |
||
| 999 |
_c51354 _d51354 |
||